000 00779nam a2200193 a 4500
003 0
005 20250626122822.0
008 030519s19uu xx 00 eng d
050 _aPHS LC 3981
_b.C48 2003
100 _aChua, Michelle del Valle.
245 _aThe Factors affecting the academic performance of grade school and high school ILC students who are mainstreamed /
_cMichelle del Valle Chua.
260 _aLas PiƱas City, Philippines :
_bSouthville International School and Colleges,
_c2003.
300 _a35 pages :
_billustrations ;
_c28 cm.
504 _aIncludes bibliographical references.
650 _aMainstreaming in education
_zPhilippines.
650 _aAcademic achievement
_zPhilippines.
650 _aInclusive education
_zPhilippines.
942 _2lcc
_cPASS
999 _c96774
_d96774